000 00532nam a2200145 a 4500
001 000027459
005 20200930030841.0
008 110331s2014 dr a 000 spa d
040 _aDO-SdBNP
_bspa
_cBNPHU
111 2 _aConferencia Modelo Dominicano de las Naciones Unidas en Nueva York
_n21 al 25 de marzo
_d2013
_cNew York
_954529
245 0 _aConferencia Modelo Dominicano de las Naciones Unidadas 2013.
260 _aSanto Domingo :, :
_bFUNGLODE,
_c[2014].
300 _a56 p. :
_bil. ;
_c29 cm.
590 _aInventariado, 2020 / DG
999 _c26951
_d26951